Visualizzazione normale
Vista MARC
di Personal Name
Records bibliografici associati: 4
001 - CONTROL NUMBER
- control field: 2313
003 - CONTROL NUMBER IDENTIFIER
- control field: IT-RoPau
005 - DATE AND TIME OF LATEST TRANSACTION
- control field: 20131118222901.0
008 - FIXED-LENGTH DATA ELEMENTS
- fixed length control field: 131118|| aca||aabn | a|a d
040 ## - CATALOGING SOURCE
- Original cataloging agency: IT-RoPau
- Transcribing agency: IT-RoPau
100 ## - HEADING--PERSONAL NAME
- Personal name:
- Miscellaneous information: Codice autore musica SPICS: 10895
670 ## - SOURCE DATA FOUND
- Source citation: Work cat.: (IT-RoPau)102773: Ferrero Giovanni 2311, Nuovi spirituals (I)-Lp Ep si 30.15